|
|
|
|
| LEADER |
00000nas a2200000 a 4500 |
| 001 |
ssj0004310 |
| 003 |
WaSeSS |
| 005 |
20200512172242.0 |
| 006 |
m d |
| 007 |
cr n |
| 008 |
010821d19892008dcuqr pss 0 a0eng c |
| 010 |
|
|
|a 2007215284
|
| 022 |
|
|
|a 1940-4018
|l 0899-1510
|y 0899-1510
|
| 035 |
|
|
|a (WaSeSS)ssj0004310
|
| 037 |
|
|
|b Heldref Publications, 1319 Eighteenth St., N.W., Washington, DC 20036-1806
|
| 040 |
|
|
|a HNK
|b eng
|c HNK
|d OCLCQ
|d NSD
|d GUA
|d OCLCQ
|d OCLCF
|d OCLCO
|d OCLCQ
|d NTG
|d AUD
|d OCLCE
|d XFH
|d OCLCA
|d WaSeSS
|
| 042 |
|
|
|a pcc
|a nsdp
|
| 050 |
1 |
4 |
|a HV1571
|
| 060 |
0 |
0 |
|a W1
|b RE252EH
|
| 082 |
1 |
0 |
|a 371
|2 14
|
| 130 |
0 |
|
|a RE:view (Association for Education and Rehabilitation of the Blind and Visually Impaired (U.S.) : Online)
|
| 222 |
|
0 |
|a RE:view
|b (Association for Education and Rehabilitation of the Blind and Visually Impaired (U.S.) Online)
|
| 245 |
1 |
0 |
|a RE:view
|h [electronic resource].
|
| 246 |
3 |
|
|a Rehabilitation, education : view
|
| 260 |
|
|
|a Washington, DC :
|b Heldref Publications
|
| 310 |
|
|
|a Quarterly
|
| 362 |
1 |
|
|a Print began with v. 21, no. 1 (spring 1989); ceased with: v. 39, no. 4 (winter 2008).
|
| 506 |
|
|
|a License restrictions may limit access.
|
| 538 |
|
|
|a Mode of access: World Wide Web.
|
| 588 |
|
|
|a Description based on: Vol. 28, iss. 4 (winter 1997); title from title information screen (viewed Aug. 6, 2001).
|
| 588 |
|
|
|a Latest issue consulted: Vol. 39, no. 4 (winter 2008) (MetaPress, viewed Mar. 5, 2009).
|
| 650 |
|
0 |
|a Blind
|x Education
|v Periodicals.
|
| 650 |
|
0 |
|a Blind
|x Rehabilitation
|v Periodicals.
|
| 650 |
|
0 |
|a People with visual disabilities
|x Education
|v Periodicals.
|
| 650 |
|
0 |
|a People with visual disabilities
|x Rehabilitation
|v Periodicals.
|
| 650 |
|
7 |
|a Blind
|x Education.
|2 fast
|0 (OCoLC)fst00834303
|
| 650 |
|
7 |
|a Blind
|x Rehabilitation.
|2 fast
|0 (OCoLC)fst00834343
|
| 650 |
|
7 |
|a People with visual disabilities
|x Education.
|2 fast
|0 (OCoLC)fst01057468
|
| 650 |
|
7 |
|a People with visual disabilities
|x Rehabilitation.
|2 fast
|0 (OCoLC)fst01057475
|
| 650 |
|
2 |
|a Blindness.
|
| 650 |
|
2 |
|a Blindness
|x rehabilitation.
|
| 650 |
|
2 |
|a Education, Special.
|
| 650 |
|
2 |
|a Vision Disorders.
|
| 650 |
|
2 |
|a Vision Disorders
|x rehabilitation.
|
| 650 |
|
7 |
|a Périodique électronique (Descripteur de forme)
|2 rasuqam
|
| 650 |
|
7 |
|a Ressource Internet (Descripteur de forme)
|2 rasuqam
|
| 650 |
|
7 |
|a Non-voyant.
|2 rasuqam
|
| 650 |
|
7 |
|a Handicapé visuel.
|2 rasuqam
|
| 650 |
|
7 |
|a Éducation.
|2 rasuqam
|
| 650 |
|
7 |
|a Éducation spéciale.
|2 rasuqam
|
| 650 |
|
7 |
|a Réadaptation.
|2 rasuqam
|
| 650 |
|
7 |
|a Sehbehindertenpädagogik
|2 gnd
|
| 650 |
|
7 |
|a Zeitschrift
|2 gnd
|
| 655 |
|
0 |
|a Electronic journals.
|
| 710 |
2 |
|
|a Association for Education and Rehabilitation of the Blind and Visually Impaired (U.S.)
|
| 776 |
0 |
8 |
|i Print version:
|t RE:view (Association for Education and Rehabilitation of the Blind and Visually Impaired (U.S.)
|x 0899-1510
|w (DLC) 89649771
|w (OCoLC)18008651
|
| 856 |
4 |
0 |
|z Full text available from Research Library: 01/01/1997 to 01/31/2008
|u https://search.proquest.com/publication/48930
|